| 000 | 00648 a2200169 4500 | ||
|---|---|---|---|
| 999 |
_c8273 _d8273 |
||
| 020 | _a156639595 | ||
| 050 | _aP 95. 5 ASA 1984 | ||
| 100 | _aAsante. M . F | ||
| 245 | _aThe Afrocentric Idea | ||
| 264 |
_aUnited States of America _bTemple University Press _c1998 |
||
| 300 | _bIncludes bibliographical references and index | ||
| 500 | _aInlcudes bibliographical references and index | ||
| 650 |
_aAfro-Americans Communication _xBlack-Communication |
||
| 650 |
_aAfrocentrism _xOratory- Social aspects-United States |
||
| 650 |
_aRhetoric-Social aspects-United States _xUnited States-CIVILISATION-aFRICAN INFLUENCES |
||
| 942 |
_2lcc _cBK _h94.5 _iASA _kP |
||